书目信息 |
| 题名: |
我国海外重要战略资源获取策略研究
|
|
| 作者: | ;中国国际经济交流中心 著 | |
| 分册: | ||
| 出版信息: | 北京 中国经济出版社 2016 |
|
| 页数: | 300页 | |
| 开本: | 24cm | |
| 丛书名: | 智库丛书 | |
| 单 册: | ||
| 中图分类: | F124.5 | |
| 科图分类: | ||
| 主题词: | 资源战略--zi yuan zhan lue--研究--中国 | |
| 电子资源: | ||
| ISBN: | 978-7-5136-4136-4 | |
| 000 | 01306nam0 22002651 450 | |
| 001 | 1731230072 | |
| 005 | 20170602161205.0 | |
| 010 | @a978-7-5136-4136-4@dCNY58.00 | |
| 100 | @a20160616d2016 em y0chiy50 ea | |
| 101 | 0 | @achi@deng |
| 102 | @aCN@b110000 | |
| 105 | @ay z 000yy | |
| 106 | @ar | |
| 200 | 1 | @a我国海外重要战略资源获取策略研究@Awo guo hai wai chong yao zhan lue zi yuan huo qu ce lue yan jiu@dResearch on China's strategy of obtaining important resources overseas@f中国国际经济交流中心课题组著@zeng |
| 210 | @a北京@c中国经济出版社@d2016 | |
| 215 | @a300页@d24cm | |
| 225 | 2 | @a智库丛书@Azhi ku cong shu |
| 330 | @a本书在界定重要战略性资源的内涵、重要战略性资源海外获取的主要范畴等内容后,分析了国内外重要战略性资源的供需形势和发展趋势,阐述了部分国家重要战略性资源海外获取的形式和策略,重点分析了我国重要战略性资源海外获取的主要问题,并提出相关获取策略,最后就促进我国重要战略性资源海外获取的体制机制给出建议。 | |
| 461 | 0 | @12001 @a智库丛书 |
| 510 | 1 | @aResearch on China's strategy of obtaining important resources overseas@zeng |
| 606 | 0 | @a资源战略@Azi yuan zhan lue@x研究@y中国 |
| 690 | @aF124.5@v5 | |
| 712 | 02 | @a中国国际经济交流中心@Azhong guo guo ji jing ji jiao liu zhong xin@b课题组@4著 |
| 801 | 0 | @aCN@bTANG WEI@c20170527 |
| 905 | @b0970398-402@dF124.5@e291@f5 | |
| 我国海外重要战略资源获取策略研究=Research on China's strategy of obtaining important resources overseas/中国国际经济交流中心课题组著.-北京:中国经济出版社,2016 |
| 300页;24cm.-(智库丛书) |
| ISBN 978-7-5136-4136-4:CNY58.00 |
| 本书在界定重要战略性资源的内涵、重要战略性资源海外获取的主要范畴等内容后,分析了国内外重要战略性资源的供需形势和发展趋势,阐述了部分国家重要战略性资源海外获取的形式和策略,重点分析了我国重要战略性资源海外获取的主要问题,并提出相关获取策略,最后就促进我国重要战略性资源海外获取的体制机制给出建议。 |
| ● |
| 相关链接 |
|
|
|
|
正题名:我国海外重要战略资源获取策略研究
索取号:F124.5/291
 
预约/预借
| 序号 | 登录号 | 条形码 | 馆藏地/架位号 | 状态 | 备注 |
| 1 | 0970398 | 209703980 | 第一样本阅览室/ [索取号:F124.5/291] | 在馆 | |
| 2 | 0970399 | 209703999 | 密集书库-海洋学院/ [索取号:F124.5/291] | 在馆 | |
| 3 | 0970400 | 209704006 | 第一借阅区/ [索取号:F124.5/291] | 在馆 | |
| 4 | 0970401 | 209704015 | 第一借阅区/ [索取号:F124.5/291] | 在馆 | |
| 5 | 0970402 | 209704024 | 第一借阅区/ [索取号:F124.5/291] | 在馆 |